[Event "AUTO-OPEN-4653"]
[Site "http://www.queenalice.com/game.php?id=1873610"]
[Date "2026.5.21"]
[Round "1"]
[White "silverado"]
[Black "Tonto"]
[Result "1-0"]
[WhiteElo "1975"]
[BlackElo "1961"]

1. d4 d5 2. Nf3 Nc6 3. h3 Nf6 4. Nc3 e6 5. a3 Be7 6. g3 O-O 7. Bg5 h6 8. Bxf6
Bxf6 9. e3 a6 10. Bg2 Na5 11. O-O Nc4 12. b3 Nd6 13. Ne5 Bxe5 14. dxe5 Nf5 15.
Qg4 c6 16. b4 b5 17. Rae1 Ne7 18. f4 Nf5 19. e4 d4 20. exf5 exf5 21. Qh5 dxc3
22. Kh1 Ra7 23. Bxc6 Bb7 24. Bxb7 Rxb7 25. Rd1 Rd7 26. Rxd7 Qxd7 27. Rd1 Qb7+
28. Kh2 Qe4 29. Rd3 Rc8 30. Qd1 Qc6 31. Rd6 Qb7 32. Qd3 g6 33. Rd7 Qb6 34. Kg2
Qc6+ 35. Kf2 Qh1 36. h4 Qh2+ 37. Ke1 Qg1+ 38. Ke2 Qg2+ 39. Ke1 Qe4+ 40. Qxe4
fxe4 41. Rd4 f5 42. exf6 Re8 43. Ke2 Kf7 44. Ke3 Kxf6 45. Rxe4 Rd8 46. Rd4 Re8+
47. Kd3 Re6 48. Kxc3 Kf5 49. Rd3 Kg4 50. Kd2 g5 51. hxg5 hxg5 52. fxg5 Kxg5 53.
Rd4 Rh6 54. c4 bxc4 55. Rxc4 Rh2+ 56. Ke3 Ra2 57. Rc5+ Kg4 58. Ra5 Kxg3 59. Rxa6
Kg4 60. b5 Kf5 61. b6 Rb2 62. a4 Ke5 63. Kd3 Kd5 64. Kc3 Rb1 65. a5 Kc6 66. Ra7
Rb5 67. Kc4 Rc5+ 68. Kb4 Rb5+ 69. Ka4 Rb1 70. Rc7+ Kd6 71. Rc3 Kd5 72. Rb3 Ra1+
73. Kb5 1-0

[Event "AUTO-OPEN-4653"]
[Site "http://www.queenalice.com/game.php?id=1873640"]
[Date "2026.5.21"]
[Round "1"]
[White "EduardoRo"]
[Black "silverado"]
[Result "1-0"]
[WhiteElo "1762"]
[BlackElo "1983"]

1. e4 e5 2. Nf3 Nc6 3. Bc4 Qf6 4. O-O Bc5 5. d3 h6 6. Nc3 Nge7 7. a3 a6 8. b4
Bd4 9. Nxd4 Nxd4 10. Be3 Nec6 11. Nd5 Qd6 12. f4 b5 13. fxe5 Nxe5 14. Bf4 Bb7
15. Bxe5 Qxe5 16. Ba2 O-O 17. c3 Ne6 18. Rf5 Qd6 19. e5 Qxd5 20. Bxd5 Bxd5 21.
c4 bxc4 22. dxc4 Bxc4 23. Qxd7 Bb5 24. Qd2 Rad8 25. Qe3 Rd4 26. Rc1 Rfd8 27. h3
Rd2 28. Rc3 Rd1+ 29. Kh2 c6 30. Qa7 R8d7 31. Qb8+ Rd8 32. Qb7 R8d7 33. Qb6 Nd4
34. Qb8+ Kh7 35. Rf2 Ne2 36. Rcf3 Rd8 37. Qb6 R8d5 38. Rxf7 Rxe5 39. Qc7 Rg5 40.
g4 Rdd5 41. Qc8 h5 42. Rf8 Rde5 43. Rh8+ Kg6 44. gxh5+ Rxh5 45. Rg2+ Rhg5 46.
Rxg5+ Kxg5 47. Qg4+ Kf6 48. Rf8+ Ke7 49. Qxg7+ Kd6 50. Rd8+ Ke6 51. Re8+ 1-0

[Event "Challenge"]
[Site "http://www.queenalice.com/game.php?id=1874190"]
[Date "2026.5.31"]
[Round "-"]
[White "jogo"]
[Black "silverado"]
[Result "0-1"]
[WhiteElo "1322"]
[BlackElo "2003"]

1. e4 e5 2. Nf3 Nc6 3. Bb5 Qf6 4. Nc3 Nge7 5. O-O a6 6. Bc4 h6 7. Re1 b5 8. Nd5
Nxd5 9. Bxd5 Bb7 10. c3 O-O-O 11. Qb3 Na5 12. Bxb7+ Kxb7 13. Qd5+ Nc6 14. d4 d6
0-1